| 000 | 00579nam a2200181Ia 4500 | ||
|---|---|---|---|
| 008 | 090122s9999 xx 000 0 und d | ||
| 082 |
_b6 _a920.71 |
||
| 100 |
_aहाल्दार _bगोपाळ |
||
| 245 | _aकाजी नजरुल इस्लाम | ||
| 260 |
_bसाहित्य अकादमी _c1979 |
||
| 300 | _a83 | ||
| 501 | _a-- | ||
| 600 | _aहाल्दार | ||
| 630 | _aकाजी नजरुल इस्लाम | ||
| 700 | _aहाल्दार | ||
| 730 | _aकाजी नजरुल इस्लाम | ||
| 942 | _cBOOK | ||
| 999 |
_c24084 _d24084 |
||